Obálka Náhled e-knihy:
Epub
Pro půjčování e-knih musíte být přihlášeni.
Jak si půjčit online?

Dopisy od Sybil /

Osamělá sedmdesátnice Sybil van Antwerp má za sebou nelehký rodinný život i mimořádnou právnickou kariéru. Odjakživa používala dopisy k tomu, aby lépe porozuměla světu a svému místu v něm. Inteligentní, tvrdá, pedantská a emočně zraněná Sybil v pravidelně vedené korespondenci s rodinou, přáteli, obl...

Celý popis

Uloženo v:
Hlavní autor: Evans, Virginia, 1986- (Autor)
Další autoři: Andělová, Petra (Autor)
Médium: E-kniha
Jazyk:Czech
Vydáno: V Brně : Jota, -2026
Vydání:První vydání
Témata:
Tagy:
Žádné tagy
LEADER 01935nam a2200349 i 4500
001 302984
003 CZ PrSKC
005 20260516063243.0
008 260514s2026 xr ||| | cze
020 |a 9788076898011  |q (vázáno) :  |c Kč 448,00 
040 |a TUG001  |b cze  |e rda 
041 1 |a cze  |h eng 
072 7 |a 821.111(73)-3  |x Americká próza  |2 Konspekt 
100 1 |a Evans, Virginia,  |d 1986-  |7 ola20261289522  |4 aut 
240 1 0 |a Correspondent.  |l Česky 
245 1 0 |a Dopisy od Sybil /  |c Virginia Evansová ; překlad Petra Andělová 
250 |a První vydání 
264 1 |a V Brně :  |b Jota,  |c -2026 
300 |a 317 stran ;  |c 21 cm 
336 |a text  |b txt  |2 rdacontent 
337 |a bez média  |b n  |2 rdamedia 
338 |a svazek  |b nc  |2 rdacarrier 
500 |a Přeloženo z angličtiny 
520 2 |a Osamělá sedmdesátnice Sybil van Antwerp má za sebou nelehký rodinný život i mimořádnou právnickou kariéru. Odjakživa používala dopisy k tomu, aby lépe porozuměla světu a svému místu v něm. Inteligentní, tvrdá, pedantská a emočně zraněná Sybil v pravidelně vedené korespondenci s rodinou, přáteli, oblíbenými spisovateli i úplnými cizinci nepřímo odhaluje střípky ze své profesní minulosti, složité rodinné problémy, strach z nemohoucnosti ve stáří a nutkavou potřebu vědět, kdo jsme a kam patříme. 
655 7 |a romány  |7 fd133289  |2 czenas 
700 1 |a Andělová, Petra  |7 jn20001005247  |4 trl 
710 2 |a Nakladatelství Jota  |7 kn20120920011  |4 pbl 
900 |a TUG001  |b 14 
044 |a xr 
910 |a RBIT002 
998 |d 427092  |a https://core.palmknihy.cz/api/books/427092/cover?tezdw2  |b https://core.palmknihy.cz/api/books/427092/cover/400?tezdw2  |c https://core.palmknihy.cz/api/books/427092/cover/50?tezdw2  |e 2030-10-22  |g 319  |i 9788076898011  |j https://core.palmknihy.cz/api/books/427092/preview.epub  |l   |q 49  |r 1  |s https://www.palmknihy.cz/kniha/427092  |t ebook  |y 2026  |z 0 
999 |d 302982